00354nam a2200145Ia 4500003000500000008004100005020001800046040001900064082000700083100001900090245003500109260004400144300000800188546001200196STCL181203s9999 xx 000 0 und d a9788189998318 aSTCLbENcSTCL 222 aHill, Napoleon 0aYou Can Work Your Own Miracles bThree Ess PublicationsaNew Delhic2009 a159 aEnglish